|
|
|
|
| LEADER |
00000nam0a2200000 4500 |
| 001 |
227302 |
| 005 |
20231101230806.0 |
| 010 |
|
|
|b 50 000 экз.
|
| 035 |
|
|
|a (RuTPU)RU\TPU\book\247718
|
| 090 |
|
|
|a 227302
|
| 100 |
|
|
|a 20121205d1943 m y0rusy50 ca
|
| 101 |
0 |
|
|a rus
|
| 102 |
|
|
|a RU
|
| 105 |
|
|
|a y z 000zy
|
| 200 |
1 |
|
|a Сообщение Чрезвычайной Государственной Комиссии по установлению и расследованию злодеяний немецко-фашистских захватчиков и их сообщников и причиненного ими ущерба гражданам, колхозам, общественным организациям, государственным предприятиям и учреждениям СССР
|e о разрушении гор. Смоленска и злодеяниях, совершенных немецко-фашистскими захватчиками над советскими гражданами
|
| 210 |
|
|
|a Москва
|c ОГИЗ
|c Госполитиздат
|d 1943
|
| 215 |
|
|
|a 15 с.
|
| 300 |
|
|
|a Подписано к печати 23 ноября 1943 г.
|
| 606 |
1 |
|
|a Великая Отечественная война 1941-1945
|x Второй период
|z ноябрь 1942-1943
|2 stltpush
|3 (RuTPU)RU\TPU\subj\66749
|9 82783
|
| 606 |
1 |
|
|a Великая Отечественная война 1941-1945
|x Первый период
|z июнь 1941- ноябрь 1942
|2 stltpush
|3 (RuTPU)RU\TPU\subj\66716
|9 82767
|
| 610 |
1 |
|
|a история
|
| 610 |
1 |
|
|a коллекция: 1941-1945 гг.
|
| 610 |
1 |
|
|a оккупация
|
| 610 |
1 |
|
|a террор
|
| 610 |
1 |
|
|a разрушения
|
| 610 |
1 |
|
|a коммунальное хозяйство
|
| 610 |
1 |
|
|a промышленность
|
| 610 |
1 |
|
|a железнодорожные линии
|
| 610 |
1 |
|
|a здравоохранение
|
| 610 |
1 |
|
|a учебные заведения
|
| 610 |
1 |
|
|a культурно-просветительные учреждения
|
| 610 |
1 |
|
|a музеи
|
| 610 |
1 |
|
|a памятники
|
| 610 |
1 |
|
|a военнопленные
|
| 610 |
1 |
|
|a население
|
| 610 |
1 |
|
|a насильственные преступления
|
| 686 |
|
|
|a Т3(2)622,11
|2 rubbk
|
| 686 |
|
|
|a Т3(2)622,12
|2 rubbk
|
| 801 |
|
1 |
|a RU
|b 63413507
|c 20121205
|
| 801 |
|
2 |
|a RU
|b 63413507
|c 20200619
|g RCR
|
| 942 |
|
|
|c BK
|